<?xml version="1.0" encoding="UTF-8"?>
<marc:record xmlns:marc="http://www.loc.gov/MARC21/slim">
   <marc:leader>00000nam a2200000 a 4500</marc:leader>
   <marc:datafield ind1="1" ind2=" " tag="100">
      <marc:subfield code="a">Meyer, Kai</marc:subfield>
      <marc:subfield code="4">aut</marc:subfield>
      <marc:subfield code="e">Verfasser/-in</marc:subfield>
   </marc:datafield>
   <marc:datafield ind1=" " ind2=" " tag="653">
      <marc:subfield code="a">Fantasy</marc:subfield>
   </marc:datafield>
   <marc:datafield ind1=" " ind2=" " tag="653">
      <marc:subfield code="a">Deutsche AutorInnen</marc:subfield>
   </marc:datafield>
   <marc:datafield ind1="0" ind2="0" tag="245">
      <marc:subfield code="a">Die Seiten der Welt - Blutbuch</marc:subfield>
   </marc:datafield>
   <marc:datafield ind1=" " ind2="1" tag="264">
      <marc:subfield code="b">Fischer FJB</marc:subfield>
      <marc:subfield code="c">2016</marc:subfield>
   </marc:datafield>
   <marc:datafield ind1="1" ind2=" " tag="490">
      <marc:subfield code="a">Die Seiten der Welt</marc:subfield>
   </marc:datafield>
   <marc:datafield ind1="1" ind2=" " tag="520">
      <marc:subfield code="a">"Schreibe etwas in den Büchern der Schöpfung um, und du veränderst die Vergangenheit. Und mit ihr die Gegenwart und Zukunft. Du hast die Macht, diese Welt zu einer besseren zu machen. Wer schlägt so eine Chance aus?" "Ich", sagte Furia. "Ich muss nicht mal drüber nachdenken."Das Sanktuarium ist untergegangen, aber schon wird die bibliomantische Welt von einer neuen, übermächtigen Gefahr bedroht. Die Ideen steigen aus dem goldenen Abgrund zwischen den Seiten der Welt auf und verschlingen ein Refugium nach dem anderen. Bald ahnt Furia, dass sie die einzige ist, die die Vernichtung der Welt stoppen kann und dass sie dafür womöglich einen sehr hohen Preis zahlen muss.</marc:subfield>
   </marc:datafield>
   <marc:datafield ind1=" " ind2=" " tag="020">
      <marc:subfield code="a">9783841402264</marc:subfield>
      <marc:subfield code="9">9783841402264</marc:subfield>
   </marc:datafield>
</marc:record>
